000 00948nam a2200229Ia 4500
008 0000002003 pr a 0000000000spa00
020 _a970203195
090 _aPPR00 R61a
100 1 _aRocheRabell, Arnaldo
_d1955
245 1 0 _aArnaldo RocheRabell
_b: fraternos = fraternal
_c/ essays by Ricardo PauLlosa, Michele Dalmace
300 _a46 p.
_c/ 28 cm.
500 _aExposición realizada en el Museo de Arte de Ponce, Ponce, Abril 5 Julio 20, 2003 \ Con el patronazgo del maestro venezolano Jesús Rafael Soto (q.e.p.d.)
600 0 0 _a ROCHERABELL, ARNALDO, 1955 /
_xTRABAJOS PICTORICOS
650 1 4 _a PINTURA PUERTORRIQUEÑA
650 1 4 _aARTE CONTEMPORANEO PUERTORRIQUEÑO
650 1 4 _xCATALOGOS
650 1 4 _xEXPOSICIONES
650 1 4 _aPINTORES PUERTORRIQUEÑOS
700 1 _aPauLlosa, Ricardo \ Dalmace, Michele
999 _c1041
_d1041
260 _aPonce : Museo de Arte de Ponce
_c2003